000 00581cam a2200205 4500
001 D16371
008 090401t1971 xxu||||| |||| 00| 0 eng d
035 _a(Sirsi) u28919
041 _aeng
050 _a333.1
110 _aRoyal Institution of Chartered Surveyors
_94900
245 _aValue for money - the economics of land and building; study day 10th November, 1971: conference programme
260 _bRICS
_c1971
300 _a15p
350 _a0
520 _aFiled in box 1971/44A
710 _aPublic Officers Committee
_91463
942 _n0
948 _c04/03/1997
999 _c89361
_d89361